| 000 | 01022nam a22002897a 4500 | ||
|---|---|---|---|
| 003 | DO-SdBNP | ||
| 005 | 20171206100627.0 | ||
| 008 | 161031b 1996 xxu a 00| 0 spa d | ||
| 020 | _a0673770923 | ||
| 040 |
_aBPMSU _bspa _cBPMSU |
||
| 082 |
_axxxx _bC971a |
||
| 100 | 1 | _aCummings, Pat | |
| 245 | 1 | 0 |
_a¡Amiga Teresa! / _cPat Cummings ; adaptación Lourdes Davis Machado ; traducción Olivia Ruiz, Patricia Almada, Lourdes Davis Machado, Roni Capin Rivera Ashford. |
| 260 |
_aEstados Unidos : _bCelebration Press, _bScott Foresman, _c1996. |
||
| 300 |
_a16 p. : _bil. ; _c18 cm. |
||
| 490 | 1 | _aPequeñitas celebraciones | |
| 700 | 1 | 2 |
_aDavis Machado, Lourdes _eadap. |
| 700 | 1 | 2 |
_aRuiz, Olivia _etrad. |
| 700 | 1 | 2 |
_aAlmada, Patricia _etrad. |
| 700 | 1 | 2 |
_aDavis Machado, Lourdes _etrad. |
| 700 | 1 | 2 |
_aRivera Ashford, Roni Capin _etrad. |
| 830 | 0 | _aPequeñitas celebraciones | |
| 910 | _a000144 | ||
| 942 |
_2ddc _cBK |
||
| 945 | _ainventariado extranjero / DG | ||
| 956 |
_2YLOCKWARD _310 _8BPMSU _aYngrid Lockward |
||
| 999 |
_c12738 _d12738 |
||